000
00271nam a2200121 a 4500
008
100910s1975|||| d
245
1
0
_a
A tà ostatnÃ
260
_a
Bratislava
_b
Tatran
_c
1975
100
1
_a
Dobozy, Imre
020
_c
15
044
_a
xo
_c
SK
041
_a
slo
999
_c
10264
_d
10264